Managing network resouces : (Record no. 8512)

MARC details
000 -LEADER
fixed length control field 00700nam a22002172 4500
001 - CONTROL NUMBER
control field 0000013520
005 - DATE AND TIME OF LATEST TRANSACTION
control field 20151217152125.0
008 - FIXED-LENGTH DATA ELEMENTS--GENERAL INFORMATION
fixed length control field 090909s xx 000 0 eng d
020 ## - INTERNATIONAL STANDARD BOOK NUMBER
International Standard Book Number 0199299850 :
040 ## - CATALOGING SOURCE
Original cataloging agency KABU
Transcribing agency KABU
100 1# - MAIN ENTRY--PERSONAL NAME
Personal name Gulati, Ranjay.
-- 0000170945
245 10 - TITLE STATEMENT
Title Managing network resouces :
Remainder of title alliances, affilitions and other relational assets /
Statement of responsibility, etc. Ranjay Gulati.
250 ## - EDITION STATEMENT
Edition statement 1st ed.
260 ## - PUBLICATION, DISTRIBUTION, ETC. (IMPRINT)
Place of publication, distribution, etc. Oxford :
Name of publisher, distributor, etc. O. U. P,
Date of publication, distribution, etc. 2007.
300 ## - PHYSICAL DESCRIPTION
Extent xvi, 325 p.
650 #0 - SUBJECT ADDED ENTRY--TOPICAL TERM
Topical term or geographic name as entry element Business networks.
-- 0000158066
650 #0 - SUBJECT ADDED ENTRY--TOPICAL TERM
Topical term or geographic name as entry element Strategig alliances (Business)
General subdivision Management.
-- 0000170946
852 1# - LOCATION
-- p3862.50 KES
908 ## - PUT COMMAND PARAMETER (RLIN)
Put command parameter 090909
950 ## - LOCAL HOLDINGS (RLIN)
-- 1
Holdings
Withdrawn status Lost status Source of classification or shelving scheme Not for loan Home library Current library Date acquired Total Checkouts Full call number Barcode Date last seen Date last checked out Price effective from Koha item type
    Library of Congress Classification   Kabarak, Main Campus Kabarak, Main Campus 17/12/2015 1 HD69 .G85 2007 c. 1 17817 02/08/2024 15/07/2016 17/12/2015 General Collection
Designed with assistance from East African Informatics Ltd